Small Country, Lots of Borders Quiz Stats

 Plays Quiz Updated Jul 14, 2016

Challenge
Share
Tweet
Embed
Score 0/23 Timer 04:00
2 Plays Today
% Correct
Switzerland
77.6%
Slovakia
74.5%
Slovenia
74.4%
Austria
74.4%
Serbia
72.9%
Croatia
70.5%
Czechia
69.1%
Macedonia
67.5%
Kosovo
67.2%
Montenegro
65.6%
Hungary
65.1%
Albania
60.9%
% Correct
Israel
60%
Belgium
59.9%
Lithuania
57.1%
Latvia
55.9%
Rwanda
54.6%
Armenia
51.3%
Bulgaria
51.2%
Georgia
50.9%
Jordan
50.5%
Azerbaijan
46.9%
Guatemala
27%

You're not logged in!

Compare scores with friends on all Sporcle quizzes.
OR
Log In

You Might Also Like...

Show Comments

Extras

Top Quizzes Today


Score Distribution

Your Account Isn't Verified!

In order to create a playlist on Sporcle, you need to verify the email address you used during registration. Go to your Sporcle Settings to finish the process.

Report this User

Report this user for behavior that violates our Community Guidelines.

Details: